000 00417nam a2200169Ia 4500
001 4048
003 IN-NITTTR
005 20251114232955.0
008 251113s9999||||xx |||||||||||||| ||eng||
040 _beng
040 _cIN-NITTTR
041 _aeng
082 _a373.11 H932N
100 _aHurd, Paul DeHard
245 0 _aNew directions in teaching secondary school science /
_cHurd, Paul DeHard
942 _2ddc
_cBK
999 _c6528
_d6528